Rosa Italia 2008 - Statistics

Statistiche generali
  • Questo quiz è stato fatto 106 volte
  • Il punteggio medio è 17 su 23
Statistiche sulle risposte
Ruolo Club dell'epoca Calciatore % Corretto
Portiere Juventus Gianluigi Buffon
100%
Udinese Antonio Di Natale
94%
Attaccante Juventus Alessandro Del Piero
92%
Roma Danielle De Rossi
91%
Centrocampista Milan Gennaro Gattuso
91%
Bayern Monaco Luca Toni
91%
Milan Andrea Pirlo
90%
Barcellona Gianluca Zambrotta
88%
Juventus Giorgio Chiellini
87%
Difensore Olympique Lione Fabio Grosso
81%
Inter Marco Materazzi
81%
Palermo Andrea Barzagli
79%
Sampdoria Antonio Cassano
76%
Juventus Mauro Germán Camoranesi
73%
Udinese Fabio Quagliarella
69%
Livorno Marco Amelia
67%
Roma Simone Perrotta
67%
Milan Massimo Ambrosini
55%
Difensore Roma Christian Panucci
51%
Roma Alberto Aquilani
41%
Siviglia Morgan De Sanctis
38%
Genoa Marco Borriello
26%
Fiorentina Alessandro Gamberini
23%
Nessun quiz corrispondente trovato
Distribuzione punteggi
Percentuale di utenti per punteggio
Percentile per numero di risposta
I tuoi punteggi nel tempo
Non hai fatto questo quiz